[Event "Athens ChessSquare Spring op"]
[Site "Athens"]
[Date "2016.05.28"]
[Round "4"]
[White "Petousis, Konstantinos"]
[Black "Loujopoulos, Panagiotis"]
[Result "0-1"]
[WhiteElo "1573"]
[BlackElo "1835"]
[PlyCount "42"]
[EventDate "2016.04.23"]
[EventType "swiss"]
[EventRounds "7"]
[EventCountry "GRE"]
[SourceTitle "EXT 2024"]
[Source "ChessBase"]
[SourceDate "2023.10.10"]
[SourceVersion "1"]
[SourceVersionDate "2023.10.10"]
[SourceQuality "1"]

1. e4 c5 2. c3 Nf6 3. e5 Nd5 4. d4 cxd4 5. cxd4 e6 6. Nf3 b6 7. Nc3 Nxc3 8. bxc3 Qc7 9. Bd2 d6 10. Bd3 Bb7 11. 0-0 Nd7 12. Re1 dxe5 13. dxe5 Be7 14. Bf4 0-0 15. Nd4 a6 16. Qg4 Rfe8 17. Re3 Bd5 18. Rh3 Nf8 19. Bxh7+ Nxh7 20. Qh5 Be4 21. Qg4 Bc5 0-1